|
|
|
|
| LEADER |
00000cas a2200000 a 4500 |
| 001 |
vtls008154691 |
| 003 |
SK-MaSNL |
| 005 |
20260228163509.0 |
| 008 |
050518c19939999xo ux|p 0 b0slo |
| 022 |
|
|
|a 1337-6101
|
| 040 |
|
|
|a SNK
|b slo
|c SNK
|e AACR2
|
| 041 |
0 |
|
|a slo
|
| 044 |
|
|
|a xo
|c SK
|
| 072 |
|
7 |
|a 316.7
|x Sociológia kultúry. Kultúrny život
|2 konspekt
|
| 072 |
|
7 |
|a 394
|x Verejný a spoločenský život. Každodenný život
|2 konspekt
|
| 072 |
|
7 |
|a 352/354
|x Stupne miestnej, oblastnej a ústrednej správy
|2 konspekt
|
| 080 |
|
|
|a 353.9
|2 2011
|
| 080 |
|
|
|a (437.613)
|2 2011
|
| 080 |
|
|
|a 050
|2 2011
|
| 080 |
|
|
|a 316.728
|2 2011
|
| 080 |
|
|
|a (051)+(054)
|2 2011
|
| 080 |
|
|
|a 394
|2 2011
|
| 210 |
0 |
|
|a Nov. Bradla
|b (Tlač. vydanie)
|
| 222 |
|
0 |
|a Novinky spod Bradla
|b (Tlačené vydanie)
|
| 245 |
0 |
0 |
|a Novinky spod Bradla
|b informačný mesačník mesta Brezová pod Bradlom
|
| 260 |
|
|
|a Brezová pod Bradlom
|b Mestský úrad Brezová pod Bradlom
|c 1993-
|
| 300 |
|
|
|a zv.
|c 30 cm
|
| 310 |
|
|
|a 1x mesačne
|b 2004-
|
| 321 |
|
|
|a Nepravidelne
|b 1993-2003
|
| 362 |
0 |
|
|a 1993-
|
| 500 |
|
|
|a Popis podľa: Roč. VIII, č. 11 (2000)
|
| 500 |
|
|
|a Vydávanie povolené OÚ Senica č. 3/93
|
| 500 |
|
|
|a Evidenčné č.: EV 2892/09
|
| 500 |
|
|
|a Zodpovedný redaktor: Matúš Valihora
|
| 530 |
|
|
|a Online vydanie: Novinky spod Bradla (Online) ISSN 1337-611X
|
| 650 |
0 |
7 |
|a každodenný život
|2 SNKPH
|9 4946
|
| 650 |
0 |
7 |
|a územná samospráva
|2 SNKPH
|9 802
|
| 651 |
|
7 |
|a Brezová pod Bradlom (Slovensko)
|2 SNKPHgeo
|9 65473
|
| 655 |
|
7 |
|a miestne periodiká
|2 SNKPH
|9 160938
|
| 700 |
1 |
|
|a Valihora, Matúš,
|d 1977-
|4 lso
|9 233553
|
| 710 |
2 |
|
|a Brezová pod Bradlom (Slovensko)
|b Mestský úrad
|4 pbl
|9 192727
|
| 856 |
4 |
1 |
|u http://www.novinky.brezova.sk/
|
| 910 |
|
|
|a snk
|
| 999 |
|
|
|c 9637
|d 11567
|
| 952 |
|
|
|0 0
|1 0
|4 0
|7 0
|8 0
|a SNK
|b SNK
|d 2020-06-16
|i snk2020/10553
|l 0
|o snkČSB 6234/27/2019
|p 17A1430440
|r 2026-02-21 22:00:37
|t č. 1-12
|w 2026-02-21
|y PREZ
|
| 952 |
|
|
|0 0
|1 0
|4 0
|7 0
|8 0
|a SNK
|b SNK
|d 2016-09-23
|i snk2016/22127
|l 0
|o snkČSB 6234/8/2000
|p 17A1147714
|r 2026-02-21 22:09:48
|t č. 1-12, neúplné
|w 2026-02-21
|y PREZ
|z Chýba č. 1-10
|
| 952 |
|
|
|0 0
|1 0
|4 0
|7 0
|8 0
|a SNK
|b SNK
|d 2016-09-26
|i snk2016/22238
|l 0
|o snkČSB 6234/9/2001
|p 17A1147715
|r 2026-02-21 22:09:49
|t č. 1-10
|w 2026-02-21
|y PREZ
|
| 952 |
|
|
|0 0
|1 0
|4 0
|7 0
|8 0
|a SNK
|b SNK
|d 2016-09-26
|i snk2016/22247
|l 0
|o snkČSB 6234/10/2002
|p 17A1147716
|r 2026-02-21 22:09:49
|t č. 1-7
|w 2026-02-21
|y PREZ
|
| 952 |
|
|
|0 0
|1 0
|4 0
|7 0
|8 0
|a SNK
|b SNK
|d 2016-09-26
|i snk2016/22249
|l 0
|o snkČSB 6234/11/2003
|p 17A1147717
|r 2026-02-21 22:09:49
|t č. 1-12, neúplné
|w 2026-02-21
|y PREZ
|z Chýba č. 3-5, 7-8
|
| 952 |
|
|
|0 0
|1 0
|4 0
|7 0
|8 0
|a SNK
|b SNK
|d 2016-09-26
|i snk2016/22250
|l 0
|o snkČSB 6234/12/2004
|p 17A1147718
|r 2026-02-21 22:09:50
|t č. 1-12
|w 2026-02-21
|y PREZ
|
| 952 |
|
|
|0 0
|1 0
|4 0
|7 0
|8 0
|a SNK
|b SNK
|d 2016-09-26
|i snk2016/22253
|l 0
|o snkČSB 6234/13/2005
|p 17A1147719
|r 2026-02-21 22:09:50
|t č. 1-12
|w 2026-02-21
|y PREZ
|
| 952 |
|
|
|0 0
|1 0
|4 0
|7 0
|8 0
|a SNK
|b SNK
|d 2016-09-26
|i snk2016/22254
|l 0
|o snkČSB 6234/14/2006
|p 17A1147720
|r 2026-02-21 22:09:50
|t č. 1-12 + mim. č.
|w 2026-02-21
|y PREZ
|
| 952 |
|
|
|0 0
|1 0
|4 0
|7 0
|8 0
|a SNK
|b SNK
|d 2016-09-26
|i snk2016/22255
|l 0
|o snkČSB 6234/15/2007
|p 17A1147721
|r 2026-02-21 22:09:50
|t č. 1-12
|w 2026-02-21
|y PREZ
|
| 952 |
|
|
|0 0
|1 0
|4 0
|7 0
|8 0
|a SNK
|b SNK
|d 2016-09-26
|i snk2016/22256
|l 0
|o snkČSB 6234/16/2008
|p 17A1147722
|r 2026-02-21 22:09:50
|t č. 1-12
|w 2026-02-21
|y PREZ
|
| 952 |
|
|
|0 0
|1 0
|4 0
|7 0
|8 0
|a SNK
|b SNK
|d 2016-09-26
|i snk2016/22258
|l 0
|o snkČSB 6234/17/2009
|p 17A1147723
|r 2026-02-21 22:09:50
|t č. 1-12
|w 2026-02-21
|y PREZ
|
| 952 |
|
|
|0 0
|1 0
|4 0
|7 0
|8 0
|a SNK
|b SNK
|d 2016-09-26
|i snk2016/22259
|l 0
|o snkČSB 6234/18/2010
|p 17A1147724
|r 2026-02-21 22:09:50
|t č. 1-12 + mim. č.
|w 2026-02-21
|y PREZ
|
| 952 |
|
|
|0 0
|1 0
|4 0
|7 0
|8 0
|a SNK
|b SNK
|d 2016-09-26
|i snk2016/22262
|l 0
|o snkČSB 6234/19/2011
|p 17A1147725
|r 2026-02-21 22:09:50
|t č. 1-12
|w 2026-02-21
|y PREZ
|
| 952 |
|
|
|0 0
|1 0
|4 0
|7 0
|8 0
|a SNK
|b SNK
|d 2016-09-26
|i snk2016/22263
|l 0
|o snkČSB 6234/20/2012
|p 17A1147726
|r 2026-02-21 22:09:50
|t č. 1-12
|w 2026-02-21
|y PREZ
|
| 952 |
|
|
|0 0
|1 0
|4 0
|7 0
|8 0
|a SNK
|b SNK
|d 2016-09-26
|i snk2016/22264
|l 0
|o snkČSB 6234/21/2013
|p 17A1147727
|r 2026-02-21 22:09:50
|t č. 1-12
|w 2026-02-21
|y PREZ
|
| 952 |
|
|
|0 0
|1 0
|4 0
|7 0
|8 0
|a SNK
|b SNK
|d 2016-09-26
|i snk2016/22265
|l 0
|o snkČSB 6234/22/2014
|p 17A1147728
|r 2026-02-21 22:09:50
|t č. 1-12 + mim. č.
|w 2026-02-21
|y PREZ
|
| 952 |
|
|
|0 0
|1 0
|4 0
|7 0
|8 0
|a SNK
|b SNK
|d 2016-09-26
|i snk2016/22266
|l 0
|o snkČSB 6234/23/2015
|p 17A1147729
|r 2026-02-21 22:09:50
|t č. 1-12
|w 2026-02-21
|y PREZ
|
| 952 |
|
|
|0 0
|1 0
|4 0
|7 0
|8 0
|a SNK
|b SNK
|d 2019-02-01
|i snk2019/3007
|l 0
|o snkČSB 6234/24/2016
|p 17A1343170
|r 2026-02-21 22:28:07
|t č. 1-12
|w 2026-02-21
|y PREZ
|
| 952 |
|
|
|0 0
|1 0
|4 0
|7 0
|8 0
|a SNK
|b SNK
|d 2019-02-01
|i snk2019/3008
|l 0
|o snkČSB 6234/25/2017
|p 17A1343171
|r 2026-02-21 22:28:07
|t č. 1-12
|w 2026-02-21
|y PREZ
|
| 952 |
|
|
|0 0
|1 0
|4 0
|7 0
|8 0
|a SNK
|b SNK
|d 2019-02-01
|i snk2019/3010
|l 0
|o snkČSB 6234/26/2018
|p 17A1343172
|r 2026-02-21 22:28:07
|t č. 1-12
|w 2026-02-21
|y PREZ
|